000 00662nam a2200193Ia 4500
003 GCL
008 140319s9999 xx 000 0 ara d
020 _a4261215977
040 _aGCL /
_cGCL
082 0 4 _a811.9
_bف ع
100 1 _aفاروق شوشة
245 1 0 _aعذابات العمر الجميل :
_bسيرة شعرية /
_cفاروق شوشة
260 _aالقاهرة :
_bدار غريب للطباعة والنشر والتوزيع ،
_c1992
300 _a189 ص ؛
_c20 سم
490 _aكتاب النادى الادبى الثقافى
_v0
650 0 4 _aالشعر العربى
650 0 4 _aدواوين وقصائد
942 _2ddc
_cBK
999 _c33023
_d33023